Central Library OPAC University of Rajshahi

The role of aquaculture in world fisheries : (Record no. 68184)

MARC details
000 -LEADER
fixed length control field 00952nam a2200265 a 4500
001 - CONTROL NUMBER
control field 68184
003 - CONTROL NUMBER IDENTIFIER
rucl marc code BD-RjUL
005 - DATE AND TIME OF LATEST TRANSACTION
control field 20211209081735.0
008 - FIXED-LENGTH DATA ELEMENTS--GENERAL INFORMATION
fixed length control field 961012s1996 ii a b 100 0 eng
020 ## - INTERNATIONAL STANDARD BOOK NUMBER
International Standard Book Number 8120410823
035 ## - SYSTEM CONTROL NUMBER
System control number (BD-RjUL)68394
040 ## - CATALOGING SOURCE
Original cataloging agency DLC
Transcribing agency DLC
Modifying agency DLC
Language of cataloging eng
041 ## - LANGUAGE CODE
Language code of text/sound track or separate title eng
082 00 - DEWEY DECIMAL CLASSIFICATION NUMBER
Edition number 23
Classification number 639.8
Author mark and year ROL 1996
245 14 - TITLE STATEMENT
Title The role of aquaculture in world fisheries :
Remainder of title proceedings of the World Fisheries Congress, theme 6 /
Statement of responsibility, etc. editor, Tor G. Heggberget ; associate editors, John G. Woiwode, Robert J. Wolotira, Jr.
260 ## - PUBLICATION, DISTRIBUTION, ETC. (IMPRINT)
Place of publication, distribution, etc. New Delhi :
Name of publisher, distributor, etc. Oxford & IBH Pub. Co.,
Date of publication, distribution, etc. c1996.
300 ## - PHYSICAL DESCRIPTION
Pagination xiv, 244 p. :
Illustrations ill. ;
Size 25 cm.
504 ## - BIBLIOGRAPHY, ETC. NOTE
Bibliography, etc Includes bibliographical references.
650 #0 - SUBJECT ADDED ENTRY--TOPICAL TERM
Topical term or geographic name as entry element Aquaculture
General subdivision Congresses.
9 (RLIN) 202118
Topical term or geographic name as entry element Fishery management
General subdivision Congresses.
9 (RLIN) 202119
700 1# - ADDED ENTRY--PERSONAL NAME
Personal name Heggberget, Tor G.
Personal name Woiwode, John G.
Personal name Wolotira, Robert J.,
942 ## - ADDED ENTRY ELEMENTS (KOHA)
Source of classification or shelving scheme Dewey Decimal Classification
Koha item type Books
Holdings
Lost status Source of classification or shelving scheme Damaged status Not for loan Collection code Permanent Location Current Location Shelving location Date acquired Source of acquisition Cost, normal purchase price Total Checkouts Full call number Date last seen Copy number Koha item type
  Dewey Decimal Classification   Not For Loan Non-fiction Central Library, University of Rajshahi Central Library, University of Rajshahi Reading Room 22/12/2005 Paragon Enterprise ltd., Dhaka 595.00   639.8 ROL 1996 30/03/2017 C-1 Books